000 00250nam a2200109Ia 4500
008 190216s9999||||xx |||||||||||||| ||und||
100 _aGanga Ratna
245 0 _aHindi-Rang Apne Apne
260 _bNikil Prasad
650 _aHindi
942 _cBK
999 _c15479
_d15479